Medalla al Mřito Cv̕ico "Eduardo Neri y Legisladores de 1913"

Detalles Bibliográficos
Formato: eBook
Lenguaje:español
Publicado: Ciudad de Mx̌ico: Cm̀ara de Diputados, 2016
Materias:
Acceso en línea:Acceso restringido

MARC

LEADER 00000nam a22000007a 4500
005 20171005234834.0
007 cr|||| ||||
008 171005s2016 mx |||||s||||f00||0 spa d
035 |a 20688 
040 |a vLex 
090 |c 7077  |d 7077 
245 0 0 |a Medalla al Mřito Cv̕ico "Eduardo Neri y Legisladores de 1913"  |h [Recurso electrn̤ico] / 
256 |a Servicio en ln̕ea 
260 |a Ciudad de Mx̌ico:  |b Cm̀ara de Diputados,  |c 2016 
300 |a 1 recurso electrn̤ico 
506 1 |a Disponible solo en los productos indicados  |d vLex Global  |d vLex Global (Academic Edition, excluding Law Schools)  |d vLex Global (U.S. Academic Edition, Law Schools)  |d vLex Global (U.S. Academic Edition, excluding Law Schools)  |d vLex Global (Academic Edition, Law Schools) 
650 0 4 |a Derecho Civil  |z Mx̌ico 
740 0 |a vLex Libros (Servicio en ln̕ea) 
856 4 0 |u http://vlex.com/source/medalla-al-merito-civico-eduardo-neri-y-legisladores-de-1913--20688  |z Acceso restringido 
942 |c BOOK 
999 0 |a Civil Law